| 000 | 00701nam a2200193 a 4500 | ||
|---|---|---|---|
| 001 | 000034274 | ||
| 005 | 20200930073620.0 | ||
| 008 | 110929s2003 es 000 0 spa d | ||
| 020 | _a8466203915 | ||
| 040 |
_aDO-SdBNP _bspa _cBNPHU |
||
| 100 | 1 |
_aRive Box, Rob de La _959702 |
|
| 245 | 1 | 3 |
_aLa enciclopedia de los coches deportivos : _b1945-1975 / _cRob de la Rive Box ; traducción, José Luis Tamayo e Fabián Romero Tamayo. |
| 260 |
_aAlcobendas, Madrid : _bLibsa, _c2003. |
||
| 300 |
_a287p. : _bil. ; _c24 cm. |
||
| 534 |
_aTítulo original _kEncyclopaedia of classic cars sports cars 1945-1975 |
||
| 700 | 1 |
_aTamayo, José Luis, _959703 |
|
| 700 | 1 |
_aRemo Tamayo, Fabián _959704 |
|
| 049 | _aBNPD | ||
| 999 |
_c33765 _d33765 |
||